আমি তপু / (Record no. 5669)
[ view plain ]
| 000 -LEADER | |
|---|---|
| fixed length control field | 00646nam a22001817a 4500 |
| 003 - CONTROL NUMBER IDENTIFIER | |
| control field | BUBTL |
| 008 - FIXED-LENGTH DATA ELEMENTS--GENERAL INFORMATION | |
| fixed length control field | 180123b xxu||||| |||| 00| 0 eng d |
| 020 ## - INTERNATIONAL STANDARD BOOK NUMBER | |
| International Standard Book Number | 984-495-139-9 |
| 082 ## - DEWEY DECIMAL CLASSIFICATION NUMBER | |
| Classification number | 891.443 / Iq1a |
| 100 ## - MAIN ENTRY--PERSONAL NAME | |
| 9 (RLIN) | 1779 |
| Personal name | ইকবাল, মুহম্মদ জাফর |
| 245 ## - TITLE STATEMENT | |
| Title | আমি তপু / |
| Statement of responsibility, etc. | মুহম্মদ জাফর ইকবাল |
| 260 ## - PUBLICATION, DISTRIBUTION, ETC. (IMPRINT) | |
| Place of publication, distribution, etc. | ঢাকা : |
| Name of publisher, distributor, etc. | পার্ল পাবলিকেশন্স, |
| Date of publication, distribution, etc. | c2005 |
| 300 ## - PHYSICAL DESCRIPTION | |
| Extent | 123 p. : |
| Dimensions | 21 cm. |
| 650 #0 - SUBJECT ADDED ENTRY--TOPICAL TERM | |
| 9 (RLIN) | 1687 |
| Topical term or geographic name as entry element | বাংলা সাহিত্য |
| 856 ## - ELECTRONIC LOCATION AND ACCESS | |
| Password | 0 |
| Logon | 0 |
| Link text | Download |
| 942 ## - ADDED ENTRY ELEMENTS (KOHA) | |
| Source of classification or shelving scheme | |
| Koha item type | Books |
| Withdrawn status | Lost status | Source of classification or shelving scheme | Damaged status | Not for loan | Collection code | Permanent location | Current location | Shelving location | Date acquired | Source of acquisition | Inventory number | Total Checkouts | Total Renewals | Full call number | Barcode | Date last seen | Date last checked out | Copy number | Price effective from | Koha item type |
|---|---|---|---|---|---|---|---|---|---|---|---|---|---|---|---|---|---|---|---|---|
| Fiction | Bangladesh University of Business and Technology Library | Bangladesh University of Business and Technology Library | Fiction | 10/19/2016 | Purchase | 22507 | 16 | 2 | 891.443 / Iq1a | BUBTL-200322507 | 07/14/2024 | 07/09/2024 | C-1 | 01/23/2018 | Books | |||||
| Fiction | Bangladesh University of Business and Technology Library | Bangladesh University of Business and Technology Library | Fiction | 10/19/2016 | Purchase | 22508 | 8 | 2 | 891.443 / Iq1a | BUBTL-200322508 | 03/20/2024 | 03/11/2024 | C-2 | 01/25/2020 | Books |
